| 000 | 00946cam a22002771 4500 | ||
|---|---|---|---|
| 999 |
_c9620 _d9620 |
||
| 001 | 9620 | ||
| 003 | BD-JhCC | ||
| 005 | 20180320185215.0 | ||
| 008 | 180320s1968 nyuab b 000 0 eng | ||
| 035 | _a(BD-JhCC)9620 | ||
| 040 |
_aDLC _cDLC _dDLC _dBD-JhCC |
||
| 041 | _aeng | ||
| 050 | 0 | 0 |
_aN7397.W4 _bT7 |
| 082 | 0 | 0 |
_a709/.66 _bTRO 1968 |
| 100 | 1 | _aTrowell, Margaret. | |
| 245 | 1 | 0 |
_aAfrican and Oceanic art / _cTexts by Margaret Trowell and Hans Nevermann. |
| 260 |
_aNew York : _bH. N. Abrams, _c1968. |
||
| 300 |
_a263 p. _billus. (part col.), col. maps. _c23 cm. |
||
| 490 | 0 | _aPanorama of world art | |
| 505 | 0 | _aForm and content of African art, by M. Trowell (p. 6-201)--The art of Oceania, by H. Nevermann, translated from the German by Robert E. Wolf (p. 204-258)--Bibliography (p. 259-260) | |
| 650 | 0 |
_aArt _zAfrica, West. |
|
| 650 | 0 |
_aArt _zOceania. |
|
| 700 | 1 |
_aNevermann, Hans, _d1902- |
|
| 942 |
_2ddc _cBK |
||